<?xml version="1.0" encoding="UTF-8"?>
<record
    xmlns:xsi="http://www.w3.org/2001/XMLSchema-instance"
    xsi:schemaLocation="http://www.loc.gov/MARC21/slim http://www.loc.gov/standards/marcxml/schema/MARC21slim.xsd"
    xmlns="http://www.loc.gov/MARC21/slim">

  <leader>00347nam a2200145Ia 4500</leader>
  <controlfield tag="008">191201s2010    xx            000 0 und d</controlfield>
  <datafield tag="082" ind1=" " ind2=" ">
    <subfield code="a">658.3</subfield>
    <subfield code="b">CHH</subfield>
  </datafield>
  <datafield tag="100" ind1=" " ind2=" ">
    <subfield code="a">CHHABRA,T.N</subfield>
  </datafield>
  <datafield tag="245" ind1=" " ind2="0">
    <subfield code="a">Human Resource Management</subfield>
  </datafield>
  <datafield tag="250" ind1=" " ind2=" ">
    <subfield code="a">Rep</subfield>
  </datafield>
  <datafield tag="260" ind1=" " ind2=" ">
    <subfield code="a">N.Delhi</subfield>
    <subfield code="b">Dhanpat Rai Pubns (P) Ltd</subfield>
    <subfield code="c">2010</subfield>
  </datafield>
  <datafield tag="300" ind1=" " ind2=" ">
    <subfield code="a">824</subfield>
  </datafield>
  <datafield tag="650" ind1=" " ind2=" ">
    <subfield code="a">BBA</subfield>
  </datafield>
  <datafield tag="942" ind1=" " ind2=" ">
    <subfield code="2">ddc</subfield>
    <subfield code="c">BK</subfield>
    <subfield code="0">1</subfield>
  </datafield>
  <datafield tag="999" ind1=" " ind2=" ">
    <subfield code="c">4864</subfield>
    <subfield code="d">4864</subfield>
  </datafield>
  <datafield tag="952" ind1=" " ind2=" ">
    <subfield code="0">0</subfield>
    <subfield code="1">0</subfield>
    <subfield code="2">ddc</subfield>
    <subfield code="4">0</subfield>
    <subfield code="7">0</subfield>
    <subfield code="8">BBA</subfield>
    <subfield code="a">PIET</subfield>
    <subfield code="b">PIET</subfield>
    <subfield code="d">2011-07-29</subfield>
    <subfield code="e">The book company</subfield>
    <subfield code="g">240.00</subfield>
    <subfield code="k">IN-858</subfield>
    <subfield code="l">1</subfield>
    <subfield code="o">658.3 CHH</subfield>
    <subfield code="p">17581</subfield>
    <subfield code="r">2025-05-21 00:00:00</subfield>
    <subfield code="s">2023-11-24</subfield>
    <subfield code="w">2011-07-27</subfield>
    <subfield code="y">BK</subfield>
  </datafield>
  <datafield tag="952" ind1=" " ind2=" ">
    <subfield code="0">0</subfield>
    <subfield code="1">0</subfield>
    <subfield code="2">ddc</subfield>
    <subfield code="4">0</subfield>
    <subfield code="7">0</subfield>
    <subfield code="8">BBA</subfield>
    <subfield code="a">PIET</subfield>
    <subfield code="b">PIET</subfield>
    <subfield code="d">2011-07-29</subfield>
    <subfield code="e">The book company</subfield>
    <subfield code="g">240.00</subfield>
    <subfield code="k">IN-858</subfield>
    <subfield code="l">2</subfield>
    <subfield code="o">658.3 CHH</subfield>
    <subfield code="p">17582</subfield>
    <subfield code="r">2026-05-07 12:05:21</subfield>
    <subfield code="s">2026-04-23</subfield>
    <subfield code="w">2011-07-27</subfield>
    <subfield code="y">BK</subfield>
  </datafield>
  <datafield tag="952" ind1=" " ind2=" ">
    <subfield code="0">0</subfield>
    <subfield code="1">0</subfield>
    <subfield code="2">ddc</subfield>
    <subfield code="4">0</subfield>
    <subfield code="7">0</subfield>
    <subfield code="8">BBA</subfield>
    <subfield code="a">PIET</subfield>
    <subfield code="b">PIET</subfield>
    <subfield code="d">2011-07-29</subfield>
    <subfield code="e">The book company</subfield>
    <subfield code="g">240.00</subfield>
    <subfield code="k">IN-858</subfield>
    <subfield code="l">2</subfield>
    <subfield code="o">658.3 CHH</subfield>
    <subfield code="p">17583</subfield>
    <subfield code="r">2026-05-11 10:01:28</subfield>
    <subfield code="s">2026-04-23</subfield>
    <subfield code="w">2011-07-27</subfield>
    <subfield code="y">BK</subfield>
    <subfield code="z">.</subfield>
  </datafield>
  <datafield tag="952" ind1=" " ind2=" ">
    <subfield code="0">0</subfield>
    <subfield code="1">0</subfield>
    <subfield code="2">ddc</subfield>
    <subfield code="4">0</subfield>
    <subfield code="7">0</subfield>
    <subfield code="8">BBA</subfield>
    <subfield code="a">PIET</subfield>
    <subfield code="b">PIET</subfield>
    <subfield code="d">2011-07-29</subfield>
    <subfield code="e">The book company</subfield>
    <subfield code="g">240.00</subfield>
    <subfield code="k">IN-858</subfield>
    <subfield code="l">0</subfield>
    <subfield code="o">658.3 CHH</subfield>
    <subfield code="p">17584</subfield>
    <subfield code="r">2019-12-04 00:00:00</subfield>
    <subfield code="w">2011-07-27</subfield>
    <subfield code="y">BK</subfield>
  </datafield>
  <datafield tag="952" ind1=" " ind2=" ">
    <subfield code="0">0</subfield>
    <subfield code="1">0</subfield>
    <subfield code="2">ddc</subfield>
    <subfield code="4">0</subfield>
    <subfield code="7">0</subfield>
    <subfield code="8">BBA</subfield>
    <subfield code="a">PIET</subfield>
    <subfield code="b">PIET</subfield>
    <subfield code="d">2011-07-29</subfield>
    <subfield code="e">The book company</subfield>
    <subfield code="g">240.00</subfield>
    <subfield code="k">IN-858</subfield>
    <subfield code="l">1</subfield>
    <subfield code="o">658.3 CHH</subfield>
    <subfield code="p">17585</subfield>
    <subfield code="r">2026-04-23 13:14:50</subfield>
    <subfield code="s">2026-04-09</subfield>
    <subfield code="w">2011-07-27</subfield>
    <subfield code="y">BK</subfield>
  </datafield>
</record>
